000
00319nam a2200157Ia 4500
008
100204s9999 xx 000 0 und d
082
_b
20893
100
_a
POYER JOE
245
_a
NORTH CAPE
250
_a
0
260
_c
1969
300
_a
231
630
_a
NORTH CAPE
730
_a
NORTH CAPE
942
_c
BOOK
999
_c
465629
_d
465626